000 00796nam a2200229 u 4500
005 20231020063952.0
008 170612s2007 mx r 000 0 spa d
020 _a9789707909540 (Obra completa)
035 _aUPN01000218582
049 _aLTG
050 4 _aLB1648
_bM6.2 2007
245 0 0 _aCiencias II :
_bénfasis en física : segundo grado /
_cMirena de Olaizola León ... [et al.].
260 _aMéxico :
_bSEP, Comisión Nacional de Libros de Texto Gratuitos,
_bILCE ,
_c2007.
300 _a2 v. :
_bil., gráfs., tablas
500 _a"Telesecundaria"
500 _a"Ciclo escolar 2016-2017"
650 4 _aFísica
_xEstudio y enseñanza (Secundaria)
_98873
650 4 _aTelesecundaria
_96411
700 1 _aOlaizola León, Mirena de,
_ecoaut.
905 _aLibro
999 _c190682
_d190682